|
|
|
|
| LEADER |
00000nam0a2200000 4500 |
| 001 |
96494 |
| 005 |
20231031110555.0 |
| 010 |
|
|
|a 5020013692
|
| 035 |
|
|
|a (RuTPU)RU\TPU\book\103307
|
| 090 |
|
|
|a 96494
|
| 100 |
|
|
|a 20060515d1988 em y0rusy50 ca
|
| 101 |
0 |
|
|a rus
|
| 102 |
|
|
|a RU
|
| 105 |
|
|
|a a ag 001zd
|
| 200 |
1 |
|
|a 400 биографий ученых
|e о серии "научно-биографическая литература" 1959-1986
|e биобиблиографический справочник
|f З. К. Соколовская
|g Академия наук СССР; под ред. А. Л. Яншина
|
| 210 |
|
|
|a Москва
|c Наука
|d 1988
|
| 215 |
|
|
|a 510 с.
|c ил
|
| 225 |
1 |
|
|a Научно-биографическая литература
|
| 320 |
|
|
|a Указ. в конце кн.: с. 458-508
|
| 610 |
1 |
|
|a библиографические пособия
|
| 610 |
1 |
|
|a биобиблиография
|
| 610 |
1 |
|
|a научно-биографическая литература
|
| 610 |
1 |
|
|a история
|
| 610 |
1 |
|
|a ученые
|
| 610 |
1 |
|
|a биографии
|
| 610 |
1 |
|
|a путеводители
|
| 686 |
|
|
|a Я19:Ч
|v LBC/SL-A
|2 rubbk
|
| 686 |
|
|
|a Ч216я1
|v LBC/SL-A
|2 rubbk
|
| 700 |
|
1 |
|a Соколовская
|b З. К.
|
| 702 |
|
1 |
|a Яншин
|b А. Л.
|4 340
|
| 712 |
0 |
2 |
|a Академия наук СССР
|
| 801 |
|
1 |
|a RU
|b 63413507
|c 20060515
|g PSBO
|
| 801 |
|
2 |
|a RU
|b 63413507
|c 20170907
|g PSBO
|
| 942 |
|
|
|c BK
|